The Hearing (Record no. 50363)

000 -LEADER
fixed length control field 00366nam a2200145Ia 4500
008 - FIXED-LENGTH DATA ELEMENTS--GENERAL INFORMATION
fixed length control field 251230s9999 xx 000 0 und d
020 ## - INTERNATIONAL STANDARD BOOK NUMBER
International Standard Book Number 0451204891
082 ## - DEWEY DECIMAL CLASSIFICATION NUMBER
Classification number 820
Item number JOH/T
100 ## - MAIN ENTRY--PERSONAL NAME
Personal name Lescroart, John
245 #4 - TITLE STATEMENT
Title The Hearing
250 ## - EDITION STATEMENT
Edition statement 1st Edition
260 ## - PUBLICATION, DISTRIBUTION, ETC.
Place of publication, distribution, etc. New York
Name of publisher, distributor, etc. A Signet Book
Date of publication, distribution, etc. 2001
300 ## - PHYSICAL DESCRIPTION
Extent 542p.
942 ## - ADDED ENTRY ELEMENTS (KOHA)
-- Muit Old Books
Koha item type
Holdings
Withdrawn status Lost status Damaged status Not for loan Collection code Permanent Location Current Location Date acquired Cost, normal purchase price Full call number Barcode Date last seen Price effective from Koha item type
        School of Journalism (Noida) MUIT-NOIDA MUIT-NOIDA 2025-12-30 300.00 820 JOH/T SOJ00188 2025-12-30 2025-12-30  

All Rights Reserved@MUIT

Powered by Koha